000 00778na a2200241 4500
001 23644
003 MIRAKIL
005 20181213155314.0
008 171116b tu 000 0
040 _aMilas
_btur
_cTR-AnCHP
041 _atur
082 _a956.93
_bA47k 1997
090 _a956.93 A47k 1997
100 _aAltan, Mustafa Haşim
245 _aKıbrıs'ta Hristiyanlaştırma-Rumlaştırma hareketleri Ortodoks-Katolik misyonerliği ve Türk toplumuna yönelik baskılar
_cMustafa Haşim Altan
260 _aGirne
_b[yayl.y.]
_c1997
300 _a127 s.
_bhrt.; şkl.
_c30 sm.
504 _aDizin var.
650 _aKıbrıs Türkleri
_xBaskılar
650 _aKıbrıs sorunu
650 _aKuzey Kıbrıs Türk Cumhuriyeti (KKTC)
_xTarih
942 _2dcc
_cBKS
999 _c10300
_d10300